LEADER 01759cam0-22005411i-450- 001 990000196650403321 005 20060407123246.0 035 $a000019665 035 $aFED01000019665 035 $a(Aleph)000019665FED01 035 $a000019665 100 $a20020821g19649999km-y0itay50------ba 101 0 $aita 102 $aIT 105 $aa---a---001yy 200 1 $aTecnologie generali$fSalvatore Valente 210 $aNapoli$cLiguori$d1964- 215 $a3 v.$cill.$d23 cm 327 1 $a1.: Saldature, prove dei materiali metallici, metodi di indagine con i raggi X, ultrasuoni e magnetoscopia, analisi metallografica, trattamenti termici degli acciai, metallurgia delle polveri$a2.: Macchine utensili, tolleranze$a3.: Fonderia, lavorazioni plastiche, metrologia, organizzazione del lavoro 610 0 $aMacchine utensili 610 0 $aFonderia 610 0 $aMateriali$aTecnologia 676 $a620.1 676 $a621.9 676 $a671.2 700 1$aValente,$bSalvatore$02043 801 0$aIT$bUNINA$gRICA$2UNIMARC 901 $aBK 912 $a990000196650403321 952 $a13 L 73 02$b29019$fFINBC 952 $a13 L 73 01$b847$fFINBC 952 $a05 64 151$b2300$fDININ 952 $a13 38 15$b846$fFINBC 952 $a13 C 51 18$b845$fFINBC 952 $a13 B 12 33$b24685$fFINBC 952 $a13 C 44 29$b31838$fFINBC 952 $a13 L 73 03$b29018$fFINBC 952 $a13 B 12 32$b28019$fFINBC 952 $a13 C 51 17$b29020$fFINBC 952 $a13 B 22 28$b2645$fFINBC 952 $a13 B 12 34$b25117$fFINBC 952 $a05 66 157$fDININ 952 $a08 CC 124$b968$fDINED 959 $aFINBC 959 $aDINED 959 $aDININ 996 $aTecnologie generali$944790 997 $aUNINA LEADER 01262aam 2200373I 450 001 9910710010903321 005 20151118015329.0 024 8 $aGOVPUB-C13-12df8d74aa24e79768874c1966c9a846 035 $a(CKB)5470000002476172 035 $a(OCoLC)929883170 035 $a(EXLCZ)995470000002476172 100 $a20151118d1977 ua 0 101 0 $aeng 181 $2rdacontent 182 $2rdamedia 183 $2rdacarrier 200 14$aThe thermodynamic properties of slush hydrogen and oxygen /$fH. M. Roder 210 1$aGaithersburg, MD :$cU.S. Dept. of Commerce, National Institute of Standards and Technology,$d1977. 215 $a1 online resource 225 1 $aNBSIR ;$v77-859 300 $a1977. 300 $aContributed record: Metadata reviewed, not verified. Some fields updated by batch processes. 300 $aTitle from PDF title page. 320 $aIncludes bibliographical references. 700 $aRoder$b H. M$01389673 701 $aRoder$b H. M$01389673 712 02$aUnited States.$bNational Bureau of Standards. 801 0$bNBS 801 1$bNBS 801 2$bGPO 906 $aBOOK 912 $a9910710010903321 996 $aThe thermodynamic properties of slush hydrogen and oxygen$93518930 997 $aUNINA